000 00276nam a2200121 a 4500
001 4140
005 20140414131928.0
008 090218s19uu xx 00 eng d
050 _aER
_bSl9 1993
100 _aHunia, Fran
245 _aThe Sly fox and red hen.
999 _c112110
_d112110